The Silmarillion: Where did they die? Quiz Stats

Quiz not verified by Sporcle

Challenge
Share
Tweet
Embed
Score 0/60 Timer 11:00
0 Plays Today
Name Place % Correct
Elu ThingolMenegroth
72.6%
EolGondolin
71.6%
Ecthelion of the FountainGondolin
70.9%
TurgonGondolin
70.7%
MaeglinGondolin
69.8%
GlorfindelGondolin
68.9%
FingolfinAngband
68.3%
AredhelGondolin
67.6%
GothmogGondolin
66.7%
Dior EluchilMenegroth
63.5%
OrodrethTumhalad
59.5%
HuanDoriath
57.5%
CelegormMenegroth
57.3%
CaranthirMenegroth
56.9%
CurufinMenegroth
56.7%
IsildurGladden Fields
56.5%
CarcharothDoriath
56.2%
MirielLorien
55.1%
SaerosDoriath
54.3%
MablungMenegroth
50.8%
Elured and ElurinDoriath
50.1%
Ancalagon the BlackThangorodrim
50.1%
Lalaith (Urwen)Dor-Lomin
49%
GlaurungCabed-en-Aras
48.8%
Nienor NinielCabed-en-Aras
48.6%
GwindorNargothrond
48.4%
FinweFormenos
47.9%
Elendil the TallOrodruin
47.9%
BroddaDor-Lomin
47.3%
Turin TurambarCabed -en-Aras
47.3%
Name Place % Correct
FingonAnfauglith
47%
BerenDoriath
46.6%
NimlothMenegroth
46.6%
Ereinon Gil-GaladOrodruin
46%
AnarionMordor
44.2%
MimNargothrond
44%
Finrod FelagundTol Sirion
43.3%
LuthienDoriath
41.6%
BrandirBrethil
41.6%
FinduilasBrethil
37.9%
BarahirDorthonion
34.8%
HuorAnfauglith
33.9%
MaedhrosFiery Chasm
33.3%
UlfangMaglor's Gap
32.8%
KhimAmon Rudh
32.4%
AegnorDorthonion
30.6%
FeanorHithlum
30.2%
AerinDor-Lomin
30%
AngrodDorthonion
29.5%
DrauglinTol Sirion
28.9%
AzaghalAnfauglith
28.9%
HurinBelegaer
23.6%
BelegTaur-Nu-Fuin
23.4%
AmrasLosgar
21.9%
MorwenCabed-en-Aras
21.9%
GelmirBarad Eithel
10.5%
ArgonLhammoth
9%
RianHaudh-en-Nirnaeth
9%
AmrodAvernien
9%
DenethorAmon Oreb
2.6%

You're not logged in!

Compare scores with friends on all Sporcle quizzes.
Sign Up with Email
OR
Log In

You Might Also Like...

Show Comments

Extras

Top Quizzes Today


Score Distribution

Your Account Isn't Verified!

In order to create a playlist on Sporcle, you need to verify the email address you used during registration. Go to your Sporcle Settings to finish the process.